| 000 | 00975cab a2200361 4500 | ||
|---|---|---|---|
| 001 | ABS52709 | ||
| 008 | 090401t1995 xxu||||| |||| 00| 0 eng d | ||
| 035 | _a(Sirsi) u92349 | ||
| 041 | _aeng | ||
| 245 | _aMarket report: West Country | ||
| 260 | _c1995 | ||
| 350 | _a0 | ||
| 490 |
_aProperty Week _v51(4) 27 April 1995, 46-62(9) |
||
| 650 | _aCORNWALL | ||
| 650 | _aDEVON | ||
| 650 | _aEXETER | ||
| 650 | _aINDUSTRIAL MARKET | ||
| 650 | _aPROPERTY-COMMERCIAL PROPERTY-OFFICE PROPERTY-OFFICE PROPERTY MARKET | ||
| 650 | _aPENZANCE | ||
| 650 | _aPLANNING ISSUES | ||
| 650 | _aPLYMOUTH | ||
| 650 | _aPROPERTY-COMMERCIAL PROPERTY-RETAIL PROPERTY-RETAIL PROPERTY MARKET | ||
| 650 | _aSOMERSET | ||
| 650 | _aTAUNTON | ||
| 650 | _aTORQUAY | ||
| 650 | _aTRANSPORT ISSUES | ||
| 650 | _aTRURO | ||
| 650 | _aWEST COUNTRY | ||
| 650 | _aYEOVIL | ||
| 690 | _aPROPERTY-COMMERCIAL PROPERTY-COMMERCIAL PROPERTY MARKET | ||
| 942 | _n0 | ||
| 948 | _c04/03/1997 | ||
| 999 |
_c58557 _d58557 |
||